000 01010nam a22003137a 4500
003 CHAP
005 20220329133634.0
008 971013s1990 r 00010 d
010 _a8890
011 _a9862
035 _a9098
040 _cCHAP
090 _aTesis
100 0 0 _aGaleana de la Cruz, Mario.
_944224
245 _aEvaluación del efecto de la veza (Vicia sativa L.) como abono verde en el cultivo de cebada en Chapingo, México
260 _aMontecillo, Méx. :
_bEl Autor,
_c1990
300 _a106 h.
502 _aTesis (M.C. Esp. en Edafología) -- C.P. Centro de Edafología
590 _aALEPH
_b10
_c20130110
_lUCH01
_h1224
590 _aBATCH-UPD
_b10
_c20130110
_lUCH01
_h1105
590 _aCONVERSION
_b10
_c20130109
_lUCH01
_h1306
650 1 4 _aAbonos verdes.
_9282
650 1 4 _aCebada
_xRendimiento.
_920707
650 1 4 _aVeza.
_9119028
901 _aBK
942 _cFOLL
949 _bBC
_cTES
_d-19642
_eTS1
_h22828
_i9098
_si
949 _bBC
_cTES
_d-19643
_eTS2
_fc.2
_h22829
_i9098
_si
999 _c8890
_d8890